000 00687nam a22001697a 4500
999 _c14737
_d14737
008 191121b ||||| |||| 00| 0 eng d
082 _22019
_aUT 1351
_bSe29
100 _aSedon, Jenny Mae C.
_940688
245 _aFactors Affecting Purchase Intention of Brand New Cars Among Young Professionals in Digos City/
_cJenny Mae C. Sedon, Jessa Mae O. Ciudad and Fhil Marie M. Fabe
260 _aDigos City
_bUMDC
_cJuly 2019
300 _a72 pages
_c30cm
650 _aBusiness Administration
_vMarketing MAnagement
_xUndergraduate Thesis
_940689
700 _aSedon, Jenny Mae C.
_940688
700 _aCiudad, Jessa Mae O.
_940690
700 _aFabe, Fhil Marie M.
_940691
942 _2ddc
_cUT